[Event "Titled Tuesday intern op 10th May Late"]
[Site "Chess.com INT"]
[Date "2022.05.10"]
[Round "2"]
[White "Joubert, Dantelle"]
[Black "Perez, Robinson Molina"]
[Result "1-0"]
[WhiteElo "1566"]
[BlackElo "2221"]
[PlyCount "97"]
[EventDate "2022.05.10"]
[EventType "swiss (blitz)"]
[EventRounds "11"]
[EventCountry "USA"]
[SourceTitle "CBM 208 Extra"]
[Source "ChessBase"]
[SourceDate "2022.07.31"]
[SourceVersion "1"]
[SourceVersionDate "2022.07.31"]
[SourceQuality "1"]

1. Nf3 Nf6 2. c4 b6 3. g3 Bb7 4. Bg2 e6 5. 0-0 Be7 6. d4 0-0 7. Nc3 Ne4 8. Nxe4 Bxe4 9. b3 f5 10. Bb2 Bf6 11. Ne1 Bxg2 12. Nxg2 Nc6 13. Qd2 d6 14. d5 Bxb2 15. Qxb2 Ne5 16. dxe6 Qe7 17. Nf4 c6 18. h4 Rf6 19. Rad1 Ng6 20. Qd4 Nxf4 21. Qxf4 Rxe6 22. e3 Rf8 23. Rd2 Rff6 24. Rfd1 Re4 25. Qf3 g6 26. Rd4 h6 27. R1d2 g5 28. h5 Kg7 29. Qd1 Rxd4 30. Rxd4 a5 31. a3 Qe5 32. b4 axb4 33. axb4 Qe7 34. Qa4 c5 35. bxc5 bxc5 36. Rd2 Qf7 37. Qd1 f4 38. Rxd6 fxg3 39. fxg3 Rxd6 40. Qxd6 Qxh5 41. Qe5+ Kh7 42. Qf5+ Kg7 43. Qe5+ Kh7 44. Qe7+ Kh8 45. Qf8+ Kh7 46. Qxc5 Qd1+ 47. Kg2 Qe2+ 48. Kg1 Qd1+ 49. Kf2 1-0

[Event "Titled Tuesday intern op 10th May Late"]
[Site "Chess.com INT"]
[Date "2022.05.10"]
[Round "9"]
[White "Perez, Robinson Molina"]
[Black "Aggelis, Nikolaos"]
[Result "1-0"]
[WhiteElo "2221"]
[BlackElo "2281"]
[PlyCount "39"]
[EventDate "2022.05.10"]
[EventType "swiss (blitz)"]
[EventRounds "11"]
[EventCountry "USA"]
[SourceTitle "CBM 208 Extra"]
[Source "ChessBase"]
[SourceDate "2022.07.31"]
[SourceVersion "1"]
[SourceVersionDate "2022.07.31"]
[SourceQuality "1"]

1. e4 c5 2. Nf3 e6 3. c4 Nc6 4. Nc3 Nf6 5. Be2 d5 6. cxd5 exd5 7. exd5 Nxd5 8. 0-0 Be7 9. d4 cxd4 10. Nxd4 0-0 11. Nxc6 bxc6 12. Nxd5 cxd5 13. Be3 Bf6 14. Bd4 Be6 15. Bf3 Rb8 16. Rc1 Rb4 17. Bc5 Rxb2 18. Bxf8 Kxf8 19. Qa4 d4 20. Qa3+ 1-0

[Event "Titled Tuesday intern op 10th May Late"]
[Site "Chess.com INT"]
[Date "2022.05.10"]
[Round "4"]
[White "Perez, Robinson Molina"]
[Black "Petre, Nad Titus"]
[Result "1-0"]
[WhiteElo "2221"]
[BlackElo "2297"]
[PlyCount "89"]
[EventDate "2022.05.10"]
[EventType "swiss (blitz)"]
[EventRounds "11"]
[EventCountry "USA"]
[SourceTitle "CBM 208 Extra"]
[Source "ChessBase"]
[SourceDate "2022.07.31"]
[SourceVersion "1"]
[SourceVersionDate "2022.07.31"]
[SourceQuality "1"]

1. Nf3 d6 2. c4 e5 3. Nc3 f5 4. d4 e4 5. Ng5 Be7 6. Nh3 c6 7. g3 Na6 8. Bg2 Nf6 9. 0-0 0-0 10. Rb1 Nc7 11. f3 d5 12. c5 b5 13. cxb6 axb6 14. b4 b5 15. Qc2 Nce8 16. Bf4 Bd6 17. Be5 Nd7 18. f4 Nb6 19. Rfc1 Be6 20. Bf1 Nc4 21. Rb3 Bxe5 22. fxe5 Qb6 23. Qd1 Nc7 24. Kh1 h6 25. Ra1 g5 26. a4 f4 27. a5 Qb8 28. e3 Nxe3 29. Qh5 Nf5 30. Qg6+ Ng7 31. Qxh6 Bxh3 32. Bxh3 f3 33. Nd1 Qd8 34. Ne3 Qe7 35. Rf1 Nce6 36. Ng4 Qf7 37. Nf6+ Qxf6 38. exf6 Rf7 39. Bxe6 Nxe6 40. Qg6+ Kf8 41. Rc3 Ke8 42. Rxc6 e3 43. Rxe6+ Kd7 44. Qxf7+ Kc8 45. Re8# 1-0

[Event "Titled Tuesday intern op 10th May Late"]
[Site "Chess.com INT"]
[Date "2022.05.10"]
[Round "7"]
[White "Perez, Robinson Molina"]
[Black "Skliarov, Viktor"]
[Result "1/2-1/2"]
[WhiteElo "2221"]
[BlackElo "2387"]
[PlyCount "105"]
[EventDate "2022.05.10"]
[EventType "swiss (blitz)"]
[EventRounds "11"]
[EventCountry "USA"]
[SourceTitle "CBM 208 Extra"]
[Source "ChessBase"]
[SourceDate "2022.07.31"]
[SourceVersion "1"]
[SourceVersionDate "2022.07.31"]
[SourceQuality "1"]

1. Nf3 g6 2. c4 Bg7 3. d4 Nf6 4. Nc3 0-0 5. e4 d6 6. h3 c5 7. d5 e6 8. Bd3 exd5 9. exd5 Re8+ 10. Kf1 a6 11. a4 Nbd7 12. g4 Ne5 13. Nxe5 Rxe5 14. Bf4 Re8 15. Qd2 h5 16. f3 Bd7 17. Kg2 b5 18. axb5 axb5 19. Rxa8 Qxa8 20. Bxd6 Qa6 21. Bxc5 bxc4 22. Be2 Qa5 23. Bd4 Nxd5 24. Bxg7 Kxg7 25. Qd4+ Kg8 26. Nxd5 Rxe2+ 27. Kg3 Be6 28. Nf6+ Kf8 29. Qf4 Qb6 30. Ne4 h4+ 31. Kxh4 Qxb2 32. Qd6+ Kg7 33. Rd1 Rxe4 34. fxe4 Qf2+ 35. Qg3 Qf6+ 36. g5 Qb2 37. Qe3 Kh7 38. Rd2 Qc1 39. Qf2 Qc3 40. Qg2 Qe3 41. Rf2 c3 42. Qf3 Qd4 43. Kg3 Qe5+ 44. Qf4 Qd4 45. Kh2 Bb3 46. Qb8 c2 47. Rxc2 Bxc2 48. Qf4 Qxe4 49. Qxf7+ Kh8 50. Qf8+ Kh7 51. Qf7+ Kh8 52. Qf8+ Kh7 53. Qf7+ 1/2-1/2

[Event "Titled Tuesday intern op 10th May Late"]
[Site "Chess.com INT"]
[Date "2022.05.10"]
[Round "3"]
[White "Perez, Robinson Molina"]
[Black "Winkels, Marcel"]
[Result "1-0"]
[WhiteElo "2221"]
[BlackElo "1965"]
[PlyCount "129"]
[EventDate "2022.05.10"]
[EventType "swiss (blitz)"]
[EventRounds "11"]
[EventCountry "USA"]
[SourceTitle "CBM 208 Extra"]
[Source "ChessBase"]
[SourceDate "2022.07.31"]
[SourceVersion "1"]
[SourceVersionDate "2022.07.31"]
[SourceQuality "1"]

1. e4 g6 2. d4 Bg7 3. Nc3 d5 4. e5 Nh6 5. h3 0-0 6. f4 Nf5 7. Nge2 e6 8. g3 c5 9. Rg1 cxd4 10. Nxd4 Qb6 11. Nce2 Nc6 12. c3 Nfxd4 13. cxd4 Bd7 14. Qb3 Qc7 15. Bd2 Na5 16. Bxa5 Qxa5+ 17. Nc3 Qb6 18. Qxb6 axb6 19. 0-0-0 b5 20. Kb1 b4 21. Ne2 Rfc8 22. Nc1 Rc7 23. Rg2 Rac8 24. Bd3 Ba4 25. b3 Bd7 26. Rc2 h5 27. Rdd2 Bh6 28. Rxc7 Rxc7 29. h4 Bf8 30. Rc2 Rxc2 31. Kxc2 Be7 32. Kd2 Kf8 33. Ke3 Ke8 34. Kf3 Kd8 35. Kg2 Kc7 36. Kh3 Kb6 37. g4 hxg4+ 38. Kxg4 Bf8 39. Ne2 Bh6 40. h5 Kc7 41. hxg6 fxg6 42. Ng1 Be8 43. Nf3 Kd7 44. Bb5+ Ke7 45. Bd3 Kf8 46. Ne1 Kg7 47. Nc2 Kg8 48. Nxb4 Bf8 49. Nc2 Be7 50. a4 Kg7 51. Bb5 Bf7 52. b4 Bg8 53. Bd7 Kf8 54. a5 Bf7 55. Bc8 Bd8 56. Bxb7 Be8 57. Ba6 Ba4 58. Ne3 Be7 59. b5 Bb4 60. b6 Bxa5 61. b7 Bc7 62. Kg5 Kg7 63. Ng4 Bd8+ 64. Nf6 Be7 65. b8Q 1-0

[Event "Titled Tuesday intern op 14th Sept"]
[Site "Chess.com INT"]
[Date "2021.09.14"]
[Round "1"]
[White "Djordjevic, Vuk D"]
[Black "Perez, Robinson Molina"]
[Result "1/2-1/2"]
[WhiteElo "2350"]
[BlackElo "2240"]
[PlyCount "117"]
[EventDate "2021.09.14"]
[EventType "swiss (blitz)"]
[EventRounds "11"]
[EventCountry "USA"]
[SourceTitle "EXT 2022"]
[Source "ChessBase"]
[SourceDate "2021.10.06"]
[SourceVersion "1"]
[SourceVersionDate "2021.10.06"]
[SourceQuality "1"]

1. d4 Nf6 2. Bg5 e6 3. e4 h6 4. Bxf6 Qxf6 5. c3 d6 6. Bd3 Nd7 7. Ne2 a6 8. f4 b6 9. 0-0 g6 10. e5 Qe7 11. Nd2 Bb7 12. Be4 Bxe4 13. Nxe4 d5 14. Nd2 Bg7 15. Nf3 f5 16. exf6 Bxf6 17. Qd3 Qg7 18. Rae1 0-0 19. Nc1 Rfe8 20. Re2 c5 21. Ne5 Nxe5 22. dxe5 Be7 23. g4 c4 24. Qh3 Rf8 25. Rg2 Rf7 26. Ne2 Bc5+ 27. Kh1 Raf8 28. b4 cxb3 29. axb3 a5 30. Qd3 g5 31. Ng3 gxf4 32. Nh5 Qg5 33. Nf6+ Rxf6 34. exf6 Rxf6 35. c4 Be3 36. cxd5 Qxd5 37. Qxd5 exd5 38. Rc2 f3 39. h4 Rf4 40. Kh2 f2 41. Kg3 Rb4 42. Rc3 d4 43. Rd3 b5 44. g5 hxg5 45. hxg5 a4 46. bxa4 bxa4 47. Ra3 Kg7 48. Kf3 Kg6 49. Kg4 Rc4 50. Ra2 d3+ 51. Kf3 Bb6 52. Rd2 Rc3 53. Ke4 Kxg5 54. Rxd3 Rxd3 55. Kxd3 Kf4 56. Kc4 Kf3 57. Kb4 Ke2 58. Rxf2+ Kxf2 59. Kxa4 1/2-1/2

[Event "Titled Tuesday intern op 14th Sept"]
[Site "Chess.com INT"]
[Date "2021.09.14"]
[Round "8"]
[White "Moroni, Luca Jr"]
[Black "Perez, Robinson Molina"]
[Result "1-0"]
[WhiteElo "2566"]
[BlackElo "2240"]
[PlyCount "75"]
[EventDate "2021.09.14"]
[EventType "swiss (blitz)"]
[EventRounds "11"]
[EventCountry "USA"]
[SourceTitle "EXT 2022"]
[Source "ChessBase"]
[SourceDate "2021.10.06"]
[SourceVersion "1"]
[SourceVersionDate "2021.10.06"]
[SourceQuality "1"]

1. d4 Nf6 2. c4 e6 3. Nc3 Bb4 4. Nf3 b6 5. Qb3 c5 6. dxc5 Bxc5 7. Bf4 0-0 8. e3 Bb7 9. Rd1 d5 10. cxd5 exd5 11. Be2 Nc6 12. 0-0 Na5 13. Qa4 Bc6 14. Bb5 Bxb5 15. Nxb5 a6 16. Nc7 Ra7 17. b4 Rxc7 18. Bxc7 Qxc7 19. bxa5 b5 20. Qc2 Qe7 21. Nd4 g6 22. Qb3 Qd8 23. Nc6 Qd6 24. Nd4 Qd8 25. Qc2 Bxd4 26. Rxd4 Qxa5 27. Qc6 Kg7 28. a4 Rb8 29. Rf4 Rb6 30. Qc7 b4 31. g4 h6 32. h4 g5 33. hxg5 hxg5 34. Rf5 b3 35. Rxg5+ Kf8 36. Qd8+ Ne8 37. Re5 Qxa4 38. Qxb6 1-0

[Event "Titled Tuesday intern op 31st Aug"]
[Site "Chess.com INT"]
[Date "2021.08.31"]
[Round "6"]
[White "Perez, Robinson Molina"]
[Black "Magallanes, Rey Jomar"]
[Result "0-1"]
[WhiteElo "2240"]
[BlackElo "2036"]
[PlyCount "40"]
[EventDate "2021.08.31"]
[EventType "swiss (blitz)"]
[EventRounds "11"]
[EventCountry "USA"]
[SourceTitle "EXT 2022"]
[Source "ChessBase"]
[SourceDate "2021.10.06"]
[SourceVersion "1"]
[SourceVersionDate "2021.10.06"]
[SourceQuality "1"]

1. Nf3 c5 2. c4 Nf6 3. Nc3 e6 4. g3 d5 5. cxd5 exd5 6. d4 cxd4 7. Nxd4 Be7 8. Bg2 0-0 9. 0-0 Nc6 10. Bg5 Be6 11. Nxe6 fxe6 12. e4 dxe4 13. Nxe4 Nxe4 14. Bxe7 Qxe7 15. Bxe4 Rad8 16. Qe2 Nd4 17. Qe3 e5 18. Rac1 Rd6 19. Rc5 Rh6 20. Rxe5 Qxe5 0-1

[Event "Titled Tuesday intern op 23rd Mar"]
[Site "Chess.com INT"]
[Date "2021.03.23"]
[Round "4"]
[White "Hambleton, Aman"]
[Black "Perez, Robinson Molina"]
[Result "1-0"]
[WhiteElo "2454"]
[BlackElo "2240"]
[PlyCount "81"]
[EventDate "2021.03.23"]
[EventType "swiss (blitz)"]
[EventRounds "11"]
[EventCountry "USA"]
[SourceTitle "CBM 201 Extra"]
[Source "ChessBase"]
[SourceDate "2021.05.31"]
[SourceVersion "1"]
[SourceVersionDate "2021.05.31"]
[SourceQuality "1"]

1. d4 d5 2. Bf4 c6 3. e3 Qb6 4. b3 Nf6 5. Bd3 g6 6. Nf3 Bg7 7. 0-0 c5 8. Nc3 cxd4 9. Nb5 Na6 10. exd4 Bd7 11. a4 0-0 12. c4 Rfc8 13. Re1 Qd8 14. Qd2 Ne4 15. Bxe4 dxe4 16. Rxe4 Nc5 17. Re3 Ne6 18. Be5 Bh6 19. d5 Nc5 20. Bb2 f6 21. Nbd4 Bxe3 22. Qxe3 Be8 23. Re1 Bf7 24. h4 Rc7 25. h5 a6 26. a5 Rac8 27. h6 Qf8 28. Nh4 Re8 29. g4 e5 30. Ndf3 Qd6 31. g5 Nd7 32. gxf6 Qxf6 33. Ng2 Qf5 34. Nxe5 Nxe5 35. Bxe5 Rce7 36. f4 g5 37. Qg3 Bg6 38. d6 gxf4 39. Nxf4 Rxe5 40. Rxe5 Rxe5 41. d7 1-0

[Event "Titled Tuesday intern op 29th Dec"]
[Site "Chess.com INT"]
[Date "2020.12.29"]
[Round "9"]
[White "Ivanisevic, Ivan"]
[Black "Perez, Robinson Molina"]
[Result "1-0"]
[WhiteElo "2608"]
[BlackElo "2240"]
[PlyCount "83"]
[EventDate "2020.12.29"]
[EventType "swiss (blitz)"]
[EventRounds "11"]
[EventCountry "USA"]
[SourceTitle "CBM 200 Extra"]
[Source "ChessBase"]
[SourceDate "2021.03.31"]
[SourceVersion "1"]
[SourceVersionDate "2021.03.31"]
[SourceQuality "1"]

1. d4 d5 2. c4 c6 3. Nf3 Nf6 4. Nc3 dxc4 5. e4 b5 6. Be2 e6 7. 0-0 Be7 8. a4 b4 9. e5 bxc3 10. exf6 Bxf6 11. bxc3 0-0 12. Bxc4 Ba6 13. Bxa6 Nxa6 14. Qe2 Qc8 15. Ba3 Rd8 16. Rab1 c5 17. Rfd1 cxd4 18. cxd4 Rb8 19. Rxb8 Nxb8 20. Rc1 Qa6 21. Qb5 h6 22. h3 Kh7 23. Rc7 Qxb5 24. axb5 Rd7 25. Rxd7 Nxd7 26. Bc5 Nb6 27. Ne5 Bxe5 28. dxe5 Kg6 29. g4 f6 30. f4 fxe5 31. fxe5 h5 32. Kg2 hxg4 33. hxg4 Kf7 34. Kf3 g5 35. Be3 Kg6 36. Ke4 Nd5 37. Kd4 Kh6 38. Bd2 Kg6 39. Kc5 Nf4 40. Kd6 Kf7 41. Be3 Nd3 42. Bxa7 1-0

[Event "Titled Tuesday intern op 29th Dec"]
[Site "Chess.com INT"]
[Date "2020.12.29"]
[Round "7"]
[White "Perez, Robinson Molina"]
[Black "Kazarian, Anna Maja"]
[Result "1-0"]
[WhiteElo "2240"]
[BlackElo "2096"]
[PlyCount "47"]
[EventDate "2020.12.29"]
[EventType "swiss (blitz)"]
[EventRounds "11"]
[EventCountry "USA"]
[SourceTitle "CBM 200 Extra"]
[Source "ChessBase"]
[SourceDate "2021.03.31"]
[SourceVersion "1"]
[SourceVersionDate "2021.03.31"]
[SourceQuality "1"]

1. Nf3 Nf6 2. c4 e6 3. Nc3 Be7 4. d4 0-0 5. Bg5 d5 6. e3 Nbd7 7. Qc2 b6 8. cxd5 exd5 9. 0-0-0 Bb7 10. Bd3 h6 11. h4 c5 12. g4 Nxg4 13. Rdg1 h5 14. Bf5 Ndf6 15. Ne5 cxd4 16. exd4 Nxe5 17. dxe5 Ne4 18. Bh6 g6 19. e6 fxe6 20. Bxg6 Rf6 21. Bxe4+ Kf7 22. Bg6+ Kg8 23. Bxh5+ Kh8 24. Bg7+ 1-0

[Event "Titled Tuesday intern op 29th Dec"]
[Site "Chess.com INT"]
[Date "2020.12.29"]
[Round "2"]
[White "Perez, Robinson Molina"]
[Black "Pniaczek, Marek"]
[Result "1-0"]
[WhiteElo "2240"]
[BlackElo "2211"]
[PlyCount "39"]
[EventDate "2020.12.29"]
[EventType "swiss (blitz)"]
[EventRounds "11"]
[EventCountry "USA"]
[SourceTitle "CBM 200 Extra"]
[Source "ChessBase"]
[SourceDate "2021.03.31"]
[SourceVersion "1"]
[SourceVersionDate "2021.03.31"]
[SourceQuality "1"]

1. Nf3 Nf6 2. c4 e6 3. Nc3 d5 4. d4 dxc4 5. Bg5 h6 6. Bxf6 Qxf6 7. e4 Bb4 8. Bxc4 c5 9. 0-0 0-0 10. a3 cxd4 11. axb4 dxc3 12. e5 Qf4 13. Qe2 cxb2 14. Rab1 Nd7 15. Rfd1 Qf5 16. Rxb2 Nb6 17. Bd3 Qh5 18. Qe4 g6 19. g4 Qh3 20. Bf1 1-0

[Event "Titled Tuesday intern op 29th Dec"]
[Site "Chess.com INT"]
[Date "2020.12.29"]
[Round "4"]
[White "Seletsky, Grigory"]
[Black "Perez, Robinson Molina"]
[Result "1-0"]
[WhiteElo "2272"]
[BlackElo "2240"]
[PlyCount "61"]
[EventDate "2020.12.29"]
[EventType "swiss (blitz)"]
[EventRounds "11"]
[EventCountry "USA"]
[SourceTitle "CBM 200 Extra"]
[Source "ChessBase"]
[SourceDate "2021.03.31"]
[SourceVersion "1"]
[SourceVersionDate "2021.03.31"]
[SourceQuality "1"]

1. e4 e5 2. Nf3 Nc6 3. Bc4 Bc5 4. d3 Nf6 5. 0-0 d6 6. c3 a6 7. Bb3 Ba7 8. Nbd2 0-0 9. Re1 Ng4 10. Re2 Kh8 11. h3 Nh6 12. Nf1 f5 13. Bg5 Qe8 14. Bxh6 gxh6 15. d4 fxe4 16. Rxe4 Qg6 17. Ng3 exd4 18. Nxd4 Bd7 19. Qd2 Rf6 20. Kh2 Raf8 21. f3 Ne5 22. Rf1 c6 23. a3 Bb8 24. Nde2 d5 25. Rh4 Nf7 26. Bc2 Qg8 27. f4 Nd6 28. Nh5 Nf5 29. Nxf6 Rxf6 30. Rg4 Qf8 31. Bxf5 1-0

[Event "Titled Tuesday intern op 15st Dec"]
[Site "Chess.com INT"]
[Date "2020.12.15"]
[Round "7"]
[White "Prohorov, Olexandr"]
[Black "Perez, Robinson Molina"]
[Result "0-1"]
[WhiteElo "2086"]
[BlackElo "2240"]
[PlyCount "38"]
[EventDate "2020.12.15"]
[EventType "swiss (blitz)"]
[EventRounds "11"]
[EventCountry "USA"]
[SourceTitle "CBM 199 Extra"]
[Source "ChessBase"]
[SourceDate "2021.01.31"]
[SourceVersion "1"]
[SourceVersionDate "2021.01.31"]
[SourceQuality "1"]

1. e4 e5 2. Nf3 Nc6 3. Bc4 Bc5 4. b4 Bxb4 5. c3 Bd6 6. 0-0 Qe7 7. Re1 b6 8. d4 Bb7 9. Bg5 f6 10. Bh4 g5 11. Bg3 h5 12. h4 g4 13. dxe5 Nxe5 14. Nxe5 Bxe5 15. Bxe5 fxe5 16. Qb3 Nf6 17. Nd2 0-0-0 18. Nb1 Nxe4 19. Nd2 Nxd2 0-1

[Event "Titled Tuesday intern op 01st Dec"]
[Site "Chess.com INT"]
[Date "2020.12.01"]
[Round "9"]
[White "Buksa, Nataliya"]
[Black "Perez, Robinson Molina"]
[Result "1-0"]
[WhiteElo "2413"]
[BlackElo "2240"]
[PlyCount "93"]
[EventDate "2020.12.01"]
[EventType "swiss (blitz)"]
[EventRounds "11"]
[EventCountry "USA"]
[SourceTitle "CBM 199 Extra"]
[Source "ChessBase"]
[SourceDate "2021.01.31"]
[SourceVersion "1"]
[SourceVersionDate "2021.01.31"]
[SourceQuality "1"]

1. d4 d5 2. Nc3 Nf6 3. Bf4 c6 4. e3 g6 5. h4 h6 6. Nf3 Nbd7 7. Be2 Bg7 8. Ne5 Nf8 9. Qd2 N6d7 10. Nf3 b5 11. a3 a5 12. e4 dxe4 13. Nxe4 Ne6 14. Be3 Nb6 15. 0-0 Nd5 16. c4 Nxe3 17. fxe3 bxc4 18. Bxc4 0-0 19. h5 g5 20. Rac1 f5 21. Nc5 Rf6 22. Qc2 Kh8 23. Nxe6 Bxe6 24. Bxe6 Rxe6 25. Qxf5 Rxe3 26. Rxc6 Rxf3 27. Qxf3 Qxd4+ 28. Kh1 Rf8 29. Qxf8+ Bxf8 30. Rxf8+ Kg7 31. Rf3 Qh4+ 32. Kg1 Qd4+ 33. Kh2 Qh4+ 34. Kg1 Qd4+ 35. Kf1 Qd1+ 36. Kf2 Qd4+ 37. Re3 Qxb2+ 38. Kf3 Qd4 39. Rxe7+ Kf8 40. Ree6 Qd1+ 41. Kg3 Qd3+ 42. Kh2 Qxa3 43. Rxh6 Qe3 44. Rhf6+ Ke7 45. Rf5 g4 46. h6 Qe1 47. Rh5 1-0

[Event "Titled Tuesday intern op 01st Dec"]
[Site "Chess.com INT"]
[Date "2020.12.01"]
[Round "11"]
[White "Perez, Robinson Molina"]
[Black "Amburgy, Ryan"]
[Result "0-1"]
[WhiteElo "2240"]
[BlackElo "1905"]
[PlyCount "88"]
[EventDate "2020.12.01"]
[EventType "swiss (blitz)"]
[EventRounds "11"]
[EventCountry "USA"]
[SourceTitle "CBM 199 Extra"]
[Source "ChessBase"]
[SourceDate "2021.01.31"]
[SourceVersion "1"]
[SourceVersionDate "2021.01.31"]
[SourceQuality "1"]

1. Nf3 d5 2. d4 Nf6 3. c4 c6 4. Nc3 dxc4 5. e3 Bf5 6. Bxc4 e6 7. 0-0 Nbd7 8. Qe2 Nb6 9. Bb3 Bb4 10. e4 Bg6 11. Bc2 0-0 12. Bf4 Re8 13. a3 Bf8 14. Rfd1 Nh5 15. Bg5 Be7 16. Be3 Qc7 17. Ne5 Nf6 18. Nxg6 hxg6 19. f4 Rad8 20. b4 Nh5 21. g3 Ra8 22. Bb3 Nf6 23. Kg2 a5 24. b5 Nbd7 25. bxc6 bxc6 26. Rdc1 Qb7 27. Bc2 Reb8 28. Qf3 Qc8 29. Na4 Rb5 30. Bd3 Rb3 31. Bc4 Rb7 32. f5 gxf5 33. exf5 e5 34. Bd3 Rab8 35. Rxc6 Qe8 36. Rac1 Bxa3 37. R1c3 Bb4 38. Rc8 Rxc8 39. Qxb7 Bxc3 40. Bb5 exd4 41. Bg5 Qe4+ 42. Qxe4 Nxe4 43. Bxd7 Rb8 44. Bf4 Rb4 0-1

[Event "Titled Tuesday intern op 01st Dec"]
[Site "Chess.com INT"]
[Date "2020.12.01"]
[Round "10"]
[White "Perez, Robinson Molina"]
[Black "Idrisova, Roza"]
[Result "1-0"]
[WhiteElo "2240"]
[BlackElo "1944"]
[PlyCount "125"]
[EventDate "2020.12.01"]
[EventType "swiss (blitz)"]
[EventRounds "11"]
[EventCountry "USA"]
[SourceTitle "CBM 199 Extra"]
[Source "ChessBase"]
[SourceDate "2021.01.31"]
[SourceVersion "1"]
[SourceVersionDate "2021.01.31"]
[SourceQuality "1"]

1. Nf3 d5 2. d4 c6 3. c4 Nf6 4. Nc3 a6 5. cxd5 cxd5 6. Bf4 Nc6 7. e3 Bg4 8. Be2 e6 9. 0-0 Bd6 10. Bxd6 Qxd6 11. Rc1 0-0 12. Na4 Nd7 13. a3 Rfc8 14. Nc5 Nxc5 15. Rxc5 b6 16. Rc1 Bxf3 17. Bxf3 Na5 18. Be2 b5 19. Rc5 Nc4 20. Qc2 g6 21. Ra1 Rxc5 22. dxc5 Qe5 23. Ra2 Rc8 24. b3 Nxe3 25. fxe3 Qxe3+ 26. Kf1 Rxc5 27. Qd2 Rc1+ 28. Bd1 Qxd2 29. Rxd2 Kf8 30. a4 Ke7 31. axb5 axb5 32. Ke2 Kd6 33. Rd4 Kc5 34. Rf4 f5 35. Rh4 h5 36. h3 e5 37. g4 hxg4 38. hxg4 d4 39. gxf5 gxf5 40. Rh5 Kd5 41. Rxf5 Ke4 42. Rf8 b4 43. Rb8 Ra1 44. Bc2+ Kf4 45. Rxb4 Ra2 46. Kd2 Kf3 47. Rb8 Rb2 48. Rf8+ Kg4 49. Kc1 Ra2 50. b4 Ra3 51. Kb2 Rc3 52. b5 Rc5 53. Rb8 e4 54. Bxe4 Kf4 55. Bd3 Ke3 56. Bf1 Kd2 57. Kb3 Rc3+ 58. Kb4 Rc1 59. Bc4 d3 60. Rd8 Rc3 61. Rxd3+ Rxd3 62. Bxd3 Kxd3 63. b6 1-0

[Event "Titled Tuesday intern op 24th Nov"]
[Site "Chess.com INT"]
[Date "2020.11.24"]
[Round "1"]
[White "Sanal, Vahap"]
[Black "Perez, Robinson Molina"]
[Result "1-0"]
[WhiteElo "2557"]
[BlackElo "2240"]
[PlyCount "99"]
[EventDate "2020.11.24"]
[EventType "swiss (blitz)"]
[EventRounds "11"]
[EventCountry "USA"]
[SourceTitle "CBM 199 Extra"]
[Source "ChessBase"]
[SourceDate "2021.01.31"]
[SourceVersion "1"]
[SourceVersionDate "2021.01.31"]
[SourceQuality "1"]

1. Nf3 d5 2. b3 Bg4 3. Bb2 Bxf3 4. exf3 Nd7 5. g3 Ngf6 6. Bg2 g6 7. 0-0 Bg7 8. d4 0-0 9. f4 e6 10. Nd2 a5 11. a4 c6 12. Nf3 Ne4 13. Ne5 Ndf6 14. Qd3 Re8 15. Rfe1 Qb6 16. g4 Nd6 17. g5 Nh5 18. Qd2 Bf8 19. Bf3 Ng7 20. Ng4 Be7 21. Ba3 Ngf5 22. Rad1 Rad8 23. Re5 Kg7 24. Bc5 Qc7 25. c3 b6 26. Ba3 c5 27. dxc5 bxc5 28. Bb2 c4 29. Qe2 Rb8 30. b4 Nh4 31. b5 Ndf5 32. Nf6 Nxf3+ 33. Qxf3 Bxf6 34. gxf6+ Kxf6 35. Ba3 Kg7 36. Rb1 Rb6 37. Qd1 f6 38. Re1 Qxf4 39. Bc5 Rb7 40. b6 Nh4 41. Re3 Nf5 42. Re1 h5 43. Rb5 h4 44. h3 Rh8 45. Rxa5 Rh5 46. Ra7 Rg5+ 47. Kh1 Ng3+ 48. fxg3 Qxg3 49. Rxb7+ Kh6 50. Bf8# 1-0

[Event "Titled Tuesday intern op 17th Nov"]
[Site "Chess.com INT"]
[Date "2020.11.17"]
[Round "3"]
[White "Matveeva, Olga"]
[Black "Perez, Robinson Molina"]
[Result "0-1"]
[WhiteElo "2171"]
[BlackElo "2240"]
[PlyCount "40"]
[EventDate "2020.11.17"]
[EventType "swiss (blitz)"]
[EventRounds "11"]
[EventCountry "USA"]
[SourceTitle "CBM 199 Extra"]
[Source "ChessBase"]
[SourceDate "2021.01.31"]
[SourceVersion "1"]
[SourceVersionDate "2021.01.31"]
[SourceQuality "1"]

1. d4 Nf6 2. c4 e6 3. g3 d5 4. Nf3 dxc4 5. Bg2 Nc6 6. Qa4 Bb4+ 7. Bd2 Nd5 8. Qb5 Bxd2+ 9. Nbxd2 c3 10. bxc3 Nxc3 11. Qc4 Nd5 12. 0-0 0-0 13. Rab1 Nb6 14. Qd3 Qf6 15. Rfc1 Rd8 16. Ne4 Qh6 17. e3 e5 18. Nc5 exd4 19. exd4 Nd5 20. Nxb7 Bxb7 0-1

[Event "Titled Tuesday intern op 17th Nov"]
[Site "Chess.com INT"]
[Date "2020.11.17"]
[Round "1"]
[White "Pichot, Alan"]
[Black "Perez, Robinson Molina"]
[Result "1-0"]
[WhiteElo "2630"]
[BlackElo "2240"]
[PlyCount "125"]
[EventDate "2020.11.17"]
[EventType "swiss (blitz)"]
[EventRounds "11"]
[EventCountry "USA"]
[SourceTitle "CBM 199 Extra"]
[Source "ChessBase"]
[SourceDate "2021.01.31"]
[SourceVersion "1"]
[SourceVersionDate "2021.01.31"]
[SourceQuality "1"]

1. e4 e5 2. Nf3 Nc6 3. Bc4 Bc5 4. c3 Nf6 5. b4 Bb6 6. d3 d6 7. a4 a6 8. Nbd2 h6 9. Bb3 0-0 10. Nc4 Ba7 11. Be3 Bxe3 12. Nxe3 Be6 13. 0-0 Re8 14. Re1 Qd7 15. Bxe6 Rxe6 16. b5 axb5 17. axb5 Rxa1 18. Qxa1 Nd8 19. c4 Re8 20. Qa7 b6 21. Nd5 Nxd5 22. cxd5 Qxb5 23. Qxc7 Qc5 24. Qd7 Kf8 25. g3 g6 26. Kg2 b5 27. Rb1 b4 28. Qa4 Qc3 29. Rb3 Qc5 30. Rxb4 g5 31. Nd2 f6 32. Nc4 Nf7 33. Rb7 Re7 34. Qa8+ Re8 35. Qa6 Re7 36. Rb8+ Re8 37. Rxe8+ Kxe8 38. Qa8+ Nd8 39. Qb8 Kd7 40. Qa8 h5 41. Qa4+ Ke7 42. Na5 g4 43. Nc6+ Nxc6 44. dxc6 d5 45. c7 Qxc7 46. exd5 Qd6 47. Qe4 f5 48. Qxf5 Qxd5+ 49. Qe4 Qe6 50. Qh7+ Kd6 51. Qxh5 Qd5+ 52. Kg1 Qxd3 53. Qxg4 e4 54. Qf4+ Kd5 55. Qe3 Qb1+ 56. Kg2 Qb7 57. h4 Qf7 58. Qf4 Qg6 59. Qg5+ Qxg5 60. hxg5 Ke5 61. Kh3 Kf5 62. Kh4 Kg6 63. Kg4 1-0